000
00264 a2200109 4500
110
_a
UNFPA
245
_a
GOK/UNFPA 7TH COUNTRY PROGRAMME EVALUATION
260
_c
2009-2013
500
_a
BOX 15
650
_2
ANNUAL REPORT FOR OTHER ORGANISATIONS
942
_c
PERIODICAL
999
_c
2601
_d
2601